Analýza činnosti logistického centra na Slovensku bakalárska práca
Na minha lista:
| Autor principal: | |
|---|---|
| Autor Corporativo: | |
| Outros Autores: | |
| Formato: | Livro |
| Idioma: | eslovaco |
| Publicado em: |
Bratislava
2018
|
| Tags: |
Sem tags, seja o primeiro a adicionar uma tag!
|
MARC
| LEADER | 00000nbm a2200000 4500 | ||
|---|---|---|---|
| 001 | 0244735 | ||
| 005 | 20181004142332.2 | ||
| 041 | 0 | |a slo | |
| 044 | |a SK | ||
| 245 | 1 | 0 | |a Analýza činnosti logistického centra na Slovensku |b bakalárska práca |c Dominika Franková ; školiteľ: Patrik Richnák |
| 264 | 1 | |a Bratislava |c 2018 | |
| 300 | |a 59 s. | ||
| 100 | 1 | |a Franková, Dominika, 1995- | |
| 700 | 1 | |a Richnák, Patrik, 1988- | |
| 710 | 2 | |a Fakulta podnikového manažmentu EU. Katedra manažmentu výroby a logistiky - zrušená | |